UBT Library

Math and science for young children / (Record no. 38887)

000 -LEADER
fixed length control field 01005pam a2200289 a 4500
001 - CONTROL NUMBER
control field 3090248
003 - CONTROL NUMBER IDENTIFIER
control field US-DLC
005 - DATE AND TIME OF LATEST TRANSACTION
control field 20171214033516.0
008 - FIXED-LENGTH DATA ELEMENTS--GENERAL INFORMATION
fixed length control field 980924s1999 nyua b 001 0 eng
010 ## - LIBRARY OF CONGRESS CONTROL NUMBER
LC control number 98044677
020 ## - INTERNATIONAL STANDARD BOOK NUMBER
International Standard Book Number 0827386354
040 ## - CATALOGING SOURCE
Original cataloging agency DLC
Transcribing agency DLC
Modifying agency DLC
050 00 -
-- 51
-- .C463 1999
082 00 - DEWEY DECIMAL CLASSIFICATION NUMBER
Classification number 372.7044
Edition number 21
100 1# - Rafti
Rafti Charlesworth, Rosalind.
245 10 - TITLE STATEMENT
Title Math and science for young children /
Statement of responsibility, etc Rosalind Charlesworth, Karen K. Lind.
250 ## -
-- 3rd ed.
260 ## -
-- Albany, NY :
-- Delmar Publishers,
-- c1999.
300 ## -
-- viii, 581 p. :
-- ill. (some col) ;
-- 24 cm.
504 ## - BIBLIOGRAPHY, ETC. NOTE
Bibliography, etc Includes bibliographical references (p. 547-560) and index.
650 #0 -
-- Mathematics
-- Study and teaching (Primary)
650 #0 -
-- Science
-- Study and teaching (Primary)
700 1# -
-- Lind, Karen.
906 ## - LOCAL DATA ELEMENT F, LDF (RLIN)
a 7
b cbc
c orignew
d 1
e ocip
f 19
g y-gencatlg
942 ## - ADDED ENTRY ELEMENTS (KOHA)
Source of classification or shelving scheme
Item type Books
Holdings
Withdrawn status Lost status Source of classification or shelving scheme Damaged status Not for loan Collection code Permanent location Current location Shelving location Date acquired Total Checkouts Full call number Barcode Date last seen Price effective from Koha item type
          Koleksioni i përgjithshem UBT - Lipjan UBT - Lipjan Koleksioni i përgjithshem 12/14/2017   51 CHA 002-2939139 12/14/2017 12/14/2017 Books
UBT Library © 2015-2024. All rights reserved University Education for Business and Technology